[Event "POL-chT 1st League 2020"]
[Site "Ustron"]
[Date "2020.09.10"]
[Round "6.5"]
[White "Klepek, Witold"]
[Black "Posluszny, Tomasz"]
[Result "1-0"]
[WhiteElo "2159"]
[BlackElo "2065"]
[Annotator "TA"]
[PlyCount "109"]
[EventDate "2020.09.05"]
[EventType "team-tourn"]
[EventCountry "POL"]
[SourceTitle "playchess.com"]
[Source "ChessBase"]
[SourceQuality "1"]

{[%evp 9,109,-22,-30,-19,24,35,35,16,22,24,13,17,9,4,21,4,25,4,7,7,8,0,0,0,0,0,0,0,0,8,0,0,0,0,0,0,0,0,0,0,0,0,0,0,21,21,9,8,87,65,87,64,88,89,151,150,158,127,177,187,320,329,307,308,379,375,270,185,174,175,195,196,196,188,185,174,169,171,170,169,142,141,175,186,711,617,1687,1664,1631,1544,883,867,6523,6523,2137,719,1773,668,719,711,598,579]} 1. e4 e5 2. Nc3 Nc6 3. Bc4 Nf6 4. d3 Na5 5. f4 Nxc4 6. dxc4 {C28: Vienna Game: 2...Nf6 3 Bc4 Nc6.} d6 (6... Bb4 {seems wilder.} 7. Qd3 Bxc3+ 8. Qxc3 d6 9. fxe5 Nxe4 10. Qd4 Qh4+) 7. Nf3 Be6 8. b3 {White is slightly better.} exf4 9. Bxf4 {[#]} Be7 $146 ({Predecessor:} 9... Qd7 10. O-O Be7 11. Qe1 h6 12. Rd1 Nh5 13. Be3 O-O 14. Nd4 Bf6 15. Nf5 Rae8 16. Qd2 Bxf5 17. Rxf5 Re5 18. Rdf1 Rfe8 19. Bd4 Rxf5 20. exf5 Bg5 21. Qd1 Nf6 22. Qf3 Qc6 23. Nb5 {½-½ (23) Vyskocil,N (2297)-Smistik,M (2199) Brno 2002}) 10. Qd2 O-O 11. O-O Nd7 12. Nd5 Bxd5 (12... Re8 {keeps more tension.} 13. Rae1 Bf8 14. Nd4 c6 15. Nc3 f6) 13. cxd5 Bf6 14. Rae1 Re8 15. c4 a5 16. Qc2 b6 17. Re2 Ne5 18. Nd4 Ng6 19. Nc6 Qd7 20. h3 Ne7 21. e5 Nxc6 22. exf6 Nd4 23. Rxe8+ Rxe8 24. Qd3 Ne2+ 25. Kh2 {Black must now prevent Be3.} Nxf4 26. Rxf4 {Qg3! is the strong threat.} gxf6 $11 {[%mdl 4096] Endgame KQR-KQR} 27. Qg3+ Kh8 28. Rxf6 Rg8 (28... Re5 $1 $11 {keeps the balance.}) 29. Qf4 {Black is now going downhill.} (29. Qf3 {is interesting.} Rg7 30. Rf4 Kg8 31. h4 Qe7 32. Re4) 29... Rg7 30. Qe4 Qd8 31. Rf2 Qd7 (31... Kg8 $142) 32. Re2 $1 $16 f5 33. Qh4 Qf7 34. Re6 Qg8 (34... a4 $142 35. bxa4 Rg8) 35. Qd4 $18 Qf7 36. Rf6 Qe7 37. Rxf5 Kg8 38. Rf2 Rg5 39. Qd2 $40 {[%mdl 128] White attacks with force.} Qe5+ 40. Kg1 $1 Qa1+ 41. Rf1 Qg7 42. Qe2 {Threatening mate with Qe8+.} Re5 43. Qf3 h5 44. h4 Qe7 45. Qg3+ Kh7 46. Qf4 Kg7 $2 {[#]} (46... Re2 47. Rf3 a4) 47. Rf3 $1 {[%cal Rf3g3] White is clearly winning.} Re1+ 48. Kh2 Re5 49. Rg3+ Kh7 50. a4 Re4 51. Qf5+ {[%mdl 64] Double Attack} Kh8 52. Qxh5+ Qh7 53. Qxh7+ (53. Qg5 $142 Rxh4+ {[#]} 54. Qxh4 $3 {[%mdl 576] Remove Defender} Qxh4+ 55. Rh3 Qxh3+ 56. Kxh3) 53... Kxh7 54. Kh3 Kh6 55. Rf3 {Accuracy: White = 91%, Black = 68%.} 1-0

[Event "POL-chT 1st League 2020"]
[Site "Ustron"]
[Date "2020.09.10"]
[Round "6.6"]
[White "Kucharska, Honorata"]
[Black "Marcinczyk, Monika"]
[Result "1-0"]
[WhiteElo "2237"]
[BlackElo "1934"]
[Annotator "RC"]
[PlyCount "86"]
[EventDate "2020.09.05"]
[EventType "team-tourn"]
[EventCountry "POL"]
[SourceTitle "playchess.com"]
[Source "ChessBase"]
[SourceQuality "1"]
[TimeControl "40/5400+30:1800+30"]

1. e4 {[%emt 0:00:00]} c5 {[%emt 0:00:00]} 2. Nf3 {[%emt 0:00:00]} e6 {[%emt 0:00:00]} 3. g3 {[%emt 0:00:42]} Nc6 {[%emt 0:00:41]} 4. Bg2 {[%emt 0:00:16]} Nf6 {[%emt 0:03:01]} 5. Qe2 {[%emt 0:00:58]} d5 {[%emt 0:01:56]} 6. exd5 {[%emt 0:01:14]} Nxd5 {[%emt 0:00:17]} 7. O-O {[%emt 0:00:45]} Be7 {[%emt 0:03:56]} 8. Rd1 {[%emt 0:03:47]} Bf6 {[%emt 0:10:01]} 9. Nc3 {[%emt 0:03:07]} Nxc3 {[%emt 0:02:29]} 10. dxc3 {[%emt 0:02:33]} Qe7 {[%emt 0:02:14]} 11. Bf4 {[%emt 0:02:14]} e5 {[%emt 0:03:09]} 12. Be3 {[%emt 0:03:00]} Bd7 {[%emt 0:07:24]} 13. Nd2 {[%emt 0:03:02]} b6 {[%emt 0:22:10]} 14. Ne4 {[%emt 0:05:15]} g6 {[%emt 0:09:35]} 15. Qf3 {[%emt 0:11:34]} Bg7 {[%emt 0:01:38]} 16. Nd6+ {[%emt 0:00:40]} Kf8 {[%emt 0:02:38]} 17. Qxf7+ {[%emt 0:02:05]} Qxf7 {[%emt 0:00:07]} 18. Nxf7 {[%emt 0:00:03]} Bg4 {[%emt 0:05:19]} 19. Bxc6 {[%emt 0:05:06]} Kxf7 {[%emt 0:01:24]} 20. Bxa8 {[%emt 0:00:44]} Rxa8 {[%emt 0:00:57]} 21. Rd2 {[%emt 0:01:33]} Bf6 {[%emt 0:05:39]} 22. f4 {[%emt 0:05:07]} e4 {[%emt 0:00:51]} 23. a4 {[%emt 0:02:15]} Rc8 {[%emt 0:03:19]} 24. a5 {[%emt 0:03:16]} b5 {[%emt 0:01:22]} 25. Rd5 {[%emt 0:02:03]} Be7 {[%emt 0:01:37]} 26. Kf2 {[%emt 0:02:41]} Be6 {[%emt 0:02:51]} 27. Re5 {[%emt 0:06:03]} Bd6 {[%emt 0:01:28]} 28. Rxe4 {[%emt 0:00:58]} Bf5 {[%emt 0:00:34]} 29. Kf3 {[%emt 0:01:28]} Bxe4+ {[%emt 0:01:25]} 30. Kxe4 {[%emt 0:00:03]} Re8+ {[%emt 0:00:08]} 31. Kf3 {[%emt 0:00:06]} Ke6 {[%emt 0:01:20]} 32. Rd1 {[%emt 0:02:36]} a6 {[%emt 0:00:41]} 33. g4 {[%emt 0:00:44]} Rf8 {[%emt 0:01:03]} 34. h4 {[%emt 0:01:54]} h6 {[%emt 0:02:08]} 35. h5 {[%emt 0:06:04]} gxh5 {[%emt 0:01:02]} 36. f5+ {[%emt 0:00:03]} Ke7 {[%emt 0:00:47]} 37. Bxh6 {[%emt 0:00:26]} hxg4+ {[%emt 0:00:06]} 38. Kxg4 {[%emt 0:00:28]} Rg8+ {[%emt 0:00:09]} 39. Bg5+ {[%emt 0:00:17]} Kd7 {[%emt 0:00:08]} 40. f6 {[%emt 0:00:00]} Ke6 {[%emt 0:00:00]} 41. Re1+ {[%emt 0:00:26]} Be5 {[%emt 0:01:29]} 42. f7 {[%emt 0:00:45]} Rf8 {[%emt 0:00:11]} 43. Bf4 {[%emt 0:00:05]} Kd5 1-0

[Event "POL-chT 1st League 2020"]
[Site "Ustron"]
[Date "2020.09.10"]
[Round "6.7"]
[White "Cukrowski, Filip"]
[Black "Ponizil, Cyril"]
[Result "1/2-1/2"]
[WhiteElo "2406"]
[BlackElo "2507"]
[Annotator "TA"]
[PlyCount "87"]
[EventDate "2020.09.05"]
[EventType "team-tourn"]
[EventCountry "POL"]
[SourceTitle "playchess.com"]
[Source "ChessBase"]
[SourceQuality "1"]

{[%evp 22,87,42,28,43,35,44,39,64,25,49,-18,-4,-14,93,71,104,99,93,97,97,53,64,74,35,39,117,108,127,0,64,74,49,42,85,75,67,67,75,59,66,48,58,21,43,24,83,98,99,23,27,9,9,6,14,8,8,8,8,8,8,8,8,8,8,8,31,4]} 1. e4 c5 2. Nf3 e6 3. d4 cxd4 4. Nxd4 a6 5. Bd3 Nf6 6. Qe2 d6 7. c4 Nbd7 8. Nc3 Qc7 9. f4 g6 10. O-O Bg7 11. Be3 O-O 12. Rac1 b6 {B42: Sicilian: Kan Variation: 5 Bd3.} 13. b4 Bb7 14. Nb3 Rad8 {[#]} 15. Rfd1 $146 ({Predecessor:} 15. Kh1 Qb8 16. Bg1 Rfe8 17. a3 Qa8 18. Rc2 d5 19. cxd5 Nxe4 20. Nxe4 exd5 21. f5 dxe4 {0-1 (32) Efimov,I (2444)-Kesmaecker,P (2261) Monte Carlo 2002}) 15... Qb8 16. c5 ({White should play} 16. a3 $14) 16... bxc5 $11 17. bxc5 Qa8 (17... Nxc5 $11 {keeps the balance.} 18. Nxc5 dxc5) 18. cxd6 $16 {Threatens to win with Na5.} Nxe4 19. Nxe4 Bxe4 20. Bxe4 ({Reject} 20. Bxa6 $6 Bxg2 21. Qxg2 Qxa6 $11) 20... Qxe4 21. Rc4 Qa8 22. Rc7 Nf6 23. Ra7 Qb8 (23... Qe4 $14) 24. Qxa6 Qb4 25. Qf1 (25. Qd3 $16) 25... Rd7 (25... Rxd6 $11 26. Bc5 Rxd1 27. Bxb4 Rxf1+ 28. Kxf1 Rc8) 26. Rxd7 $14 Nxd7 27. Qe1 Qb5 28. Qa5 Qe2 29. Qd2 $36 {[%mdl 2048] Black is under pressure.} Qb5 30. Qd3 Qb4 31. h3 Ra8 32. Rd2 Bf8 33. Qd4 Qa3 (33... Qxd4 $11 34. Nxd4 Ra6) 34. Nc5 $16 Rd8 35. Ne4 (35. Kh2 $16) 35... Rc8 $11 36. Qa7 Qxa7 37. Bxa7 Rc6 38. g4 {Black should prevent g5.} f5 39. Ng5 Rxd6 40. Rxd6 Bxd6 41. Nxe6 fxg4 $1 42. hxg4 Kf7 43. Ng5+ Ke7 44. Nh3 {Accuracy: White = 76%, Black = 73%.} 1/2-1/2

[Event "POL-chT 1st League 2020"]
[Site "Ustron"]
[Date "2020.09.10"]
[Round "6.8"]
[White "Paszewski, Mateusz"]
[Black "Pacan-Milej, Kosma"]
[Result "1/2-1/2"]
[WhiteElo "2275"]
[BlackElo "2420"]
[Annotator "TA"]
[PlyCount "80"]
[EventDate "2020.09.05"]
[EventType "team-tourn"]
[EventCountry "POL"]
[SourceTitle "playchess.com"]
[Source "ChessBase"]
[SourceQuality "1"]

{[%evp 17,80,7,15,12,22,23,37,25,38,27,31,37,38,50,47,37,32,47,49,14,35,0,0,0,0,0,13,6,27,20,32,22,14,0,0,0,0,0,0,0,0,0,0,0,0,0,0,0,0,0,0,0,0,0,0,0,0,0,0,0,0,0,0,0,0]} 1. d4 Nf6 2. c4 e6 3. Nc3 d5 4. cxd5 exd5 5. Bg5 c6 6. e3 Bd6 7. Bd3 O-O 8. Nf3 Re8 9. O-O Nbd7 10. Qc2 {next Bxh7+! is good for White. D35: Queen's Gambit Declined: Exchange Variation.} Nf8 11. h3 Ng6 12. Rfe1 {White is slightly better.} h6 {[#]} 13. Bxf6 $146 ({Predecessor:} 13. Bxh6 gxh6 14. Bxg6 fxg6 15. Qxg6+ Kh8 16. Qxh6+ Nh7 17. e4 Re6 18. Qh5 Bb4 19. exd5 cxd5 20. Rxe6 Bxe6 {0-1 (37) Beddar,L-Benelfekir,A (1439) Algier 2016}) 13... Qxf6 14. e4 Nh4 15. Nxh4 Qxh4 16. e5 Bb4 17. Rad1 Kh8 18. Bf5 Be6 19. g3 Qh5 20. Bxe6 fxe6 21. Kg2 Rf8 22. Re3 Bxc3 23. Rxc3 Rf7 24. Rd2 Raf8 {The position is equal.} 25. Ra3 a6 26. Rb3 g5 27. g4 Qh4 28. Rg3 Kg7 29. f3 h5 30. Qc5 Rh8 31. gxh5 Rxh5 32. Rf2 Qf4 33. Rg4 Qf5 34. Qd6 Rh4 35. Rxh4 gxh4 $11 {KQR-KQR} 36. Qd8 Qf4 {[#] Strongly threatening ...Kh7.} 37. Kh1 Qc1+ 38. Kh2 {White wants to mate with Rg2+.} Qf4+ 39. Kh1 Qc1+ 40. Kh2 {[#] White threatens Rg2+ and mate.} Qf4+ {Accuracy: White = 94%, Black = 100%.} 1/2-1/2

[Event "POL-chT 1st League 2020"]
[Site "Ustron"]
[Date "2020.09.10"]
[Round "6.9"]
[White "Licznerski, Lukasz"]
[Black "Ciesla, Adam"]
[Result "1-0"]
[WhiteElo "2377"]
[BlackElo "2294"]
[Annotator "TA"]
[PlyCount "179"]
[EventDate "2020.09.05"]
[EventType "team-tourn"]
[EventCountry "POL"]
[SourceTitle "playchess.com"]
[Source "ChessBase"]
[SourceQuality "1"]

{[%evp 9,178,0,0,0,0,0,11,14,14,-16,-16,-16,-15,-17,-12,-77,-69,-64,-72,-73,-54,-70,-45,-51,31,66,50,32,64,33,72,75,71,73,66,57,55,48,54,70,57,58,79,63,71,77,90,90,96,94,90,85,76,76,88,0,10,2,1,0,18,26,22,39,32,34,93,0,0,0,1,1,0,0,0,0,8,8,8,8,8,8,8,8,8,8,8,0,0,0,8,0,0,0,8,8,8,8,8,8,8,0,50,33,39,34,29,28,11,11,11,0,0,0,0,0,0,0,137,0,336,335,1136,1489,988,1149,1046,704,1389,0,975,0,1010,958,589,583,549,497,941,813,761,349,337,229,29956,29964,29958,29960,29962,29965,29981,1863,29983,29983,29984,29974,29974,29975,29979,29980,29986,29987,29987,29988,29996,29990,29992,29990,29990,29991,29999]} 1. d4 Nf6 2. Nf3 g6 3. Nc3 d5 4. Bf4 Bg7 5. Nb5 Na6 6. e3 {D00: 1 d4 d5: Unusual lines.} Nh5 7. Bg5 h6 8. Bh4 {[#] The position is equal.} O-O $146 ({Predecessor:} 8... c6 9. Na3 Bg4 10. Be2 Nc7 11. c4 O-O 12. Qb3 Rb8 13. Rc1 g5 14. Bg3 Nxg3 15. hxg3 Bxf3 16. gxf3 {1-0 (49) Aronian,L (2773)-Banikas,H (2601) chess.com INT 2020}) 9. Ne5 c5 10. Be2 cxd4 11. exd4 Nf4 12. Bf3 (12. O-O $11 {remains equal.}) 12... f6 $17 13. Nd3 Nxd3+ 14. Qxd3 f5 $1 15. h3 $1 Qa5+ (15... Nb4 $5 {[%cal Rb4d3]} 16. Qb3 Qa5 $17) 16. c3 f4 (16... g5 $1 $15 17. Bg3 (17. Bxd5+ $2 e6 $17) 17... f4) 17. Bxd5+ $14 ({Much worse is} 17. Bxe7 Re8 $15) 17... e6 18. Bb3 (18. Bc4 $5 {[%cal Rd3g6]} g5 19. Bxg5 hxg5 20. h4 $16) 18... g5 19. Nd6 (19. Bxg5 $5 hxg5 20. h4 $11) 19... Qb6 20. Nxc8 Raxc8 21. Bxg5 $1 hxg5 22. h4 g4 23. Qg6 Rf6 24. Qxg4 Kh8 25. O-O-O {[%cal Ba1d1,Bd1e1,Be1e5,Be5g5][%mdl 1056] Strongly threatening Rhe1. White has compensation.} Qc6 26. Kb1 Nc7 27. Rde1 b5 {[#]} 28. Re5 $1 Rg8 29. Rg5 Qe8 30. Bc2 Bh6 31. Qe2 Rg7 32. g4 (32. Qe4 $16 {Threatens to win with Rxg7.} Qf8 33. Qb7) 32... fxg3 $1 $11 33. fxg3 Qf7 34. g4 {Black must now prevent Rh5.} Kg8 (34... Rf2 $5 {[%cal Rf2e2]} 35. Rxg7 Bxg7 $11) 35. Rxg7+ Bxg7 36. g5 Rf2 $1 {[%cal Rf2e2]} 37. Qd3 Qf4 {[#]} (37... Qf5 $14) 38. h5 (38. a4 $1 $16) 38... Qxg5 39. Qh7+ Kf8 40. h6 Bxh6 $1 41. Qxc7 Qg2 $1 {[%cal Rg2h1]} 42. Qb8+ Kf7 43. Qxa7+ Kf8 $132 {[%mdl 2048] Black is not holding back} 44. Qc5+ Kg8 $1 45. Qc8+ Kg7 46. Qc7+ Kf8 47. Qd6+ Kf7 48. Re1 Re2 $1 {[%cal Re2e1]} 49. Qd7+ Kf8 50. Qd8+ Kf7 51. Qd7+ Kf8 52. Rd1 Rxc2 53. Qxb5 ({Don't play} 53. Qxe6 Rxb2+ 54. Ka1 Bg5 $17) 53... Qe4 {[%csl Gh6][%cal Rc2c1]} 54. Ka1 Rf2 55. a4 Qc2 56. Rg1 Rf5 57. Qb8+ Ke7 58. Qc7+ Kf8 59. Qd8+ Kf7 60. Qg8+ Ke7 61. Qh7+ Kd6 {Hoping for ...Rf1+!} 62. Qxh6 {[%mdl 4096] Endgame KQR-KQR} Rf2 {[%csl Gf2][%cal Rc2b2]} 63. Qc1 {Qxc2 is the strong threat.} Qxa4+ 64. Kb1 {aiming for c4.} Qb3 $2 {[%mdl 8192] Black is now going downhill.} (64... Qb5 $11 {and Black is okay.}) 65. Rf1 $18 Rf5 $2 (65... Rxf1 66. Qxf1 Ke7) 66. Rxf5 exf5 {KQ-KQ} 67. Qf4+ Kc6 68. Qf3+ Kd6 69. Qf4+ Kc6 70. Qf3+ Kd6 $1 71. Kc1 Qe6 72. Qf4+ Kd7 73. Kd2 Qg6 (73... Kc8 $142 74. Kd3 Qb3 75. Qxf5+ Kd8 76. Qg5+ Kd7 77. Qg7+ Kc6 78. Qf6+ Kd7 79. Qf5+ Kd8 80. Qg5+ Kd7) 74. Kd3 Qh5 75. b4 (75. d5 $142 Kc8 76. b4) 75... Qd1+ 76. Kc4 Qc2 $2 (76... Qe2+ $18 77. Kb3 Qd1+ 78. Kb2 Qg4) 77. d5 Qa2+ 78. Kd4 Qc2 79. Qe3 Kd8 80. Ke5 (80. d6 $142 Kd7 81. Qe7+ Kc6 82. Qc7+ Kb5 83. Qa5+ Kc6 84. Qc5+ Kb7 85. Qb5+ Ka7 86. d7 Qf2+ 87. Kd5) 80... Kc8 81. d6 {White mates.} Qh2+ 82. Kxf5 Qh7+ 83. Ke5 Qh5+ 84. Kd4 Qd1+ 85. Kc5 Qh5+ 86. Kb6 Kb8 87. Qc5 Qh7 88. Qc7+ Qxc7+ 89. dxc7+ Ka8 90. c8=R# {Accuracy: White = 81%, Black = 74%.} 1-0

[Event "POL-chT 1st League 2020"]
[Site "Ustron"]
[Date "2020.09.10"]
[Round "6.10"]
[White "Tomaszewski, Roman"]
[Black "Godzwon, Iwo"]
[Result "0-1"]
[WhiteElo "2206"]
[BlackElo "2317"]
[Annotator "TA"]
[PlyCount "76"]
[EventDate "2020.09.05"]
[EventType "team-tourn"]
[EventCountry "POL"]
[SourceTitle "playchess.com"]
[Source "ChessBase"]
[SourceQuality "1"]

{[%evp 9,76,-1,0,0,35,22,22,15,24,-8,4,-8,-7,-4,0,-81,-53,-90,-73,-91,-88,-79,-78,-86,-88,-79,-77,-93,-75,-94,-30,-29,-31,-114,-114,-106,-106,-114,-114,-114,-114,-142,-104,-126,-116,-232,-245,-263,-263,-267,-289,-309,-308,-290,-273,-279,-296,-299,-291,-327,-287,-698,-682,-1026,-1006,-947,-939,-29959,-5489]} 1. d4 Nf6 2. Bf4 g6 3. Nc3 d5 4. e3 Bg7 5. h4 h5 6. Nf3 {A45: Trompowsky Attack.} Bg4 7. Be2 Bxf3 8. Bxf3 {The position is equal.} c6 9. Qd2 Nbd7 10. O-O-O b5 11. Kb1 Nb6 {[#]} 12. b3 $146 (12. Qe1 $11 {remains equal.}) ({Predecessor:} 12. Qd3 e6 13. Ne2 a5 14. Bg5 Bh6 15. Bxh6 Rxh6 16. e4 dxe4 17. Bxe4 Qd6 18. Bf3 {½-½ (34) Aronian,L (2797)-Vachier Lagrave,M (2793) Caleta 2018}) 12... a5 $17 {[%cal Ba7a5,Ba5a4][%mdl 32]} 13. Be5 Nbd7 14. Bg3 a4 15. b4 Nb6 16. Be2 a3 17. Be5 e6 18. Ka1 Kf8 19. g3 Ne8 ({Better is} 19... Ng4 $17 20. Bxg7+ Kxg7) 20. Bxg7+ Kxg7 21. Nb1 {White is on the road to losing.} (21. e4 $15) 21... Nd6 22. c3 Qe7 23. Qc2 e5 24. Bd3 Qf6 25. Rhf1 Nbc4 26. Nd2 exd4 27. exd4 (27. cxd4 $17 Nb2 28. Rb1) 27... Rhe8 $19 28. Bxc4 bxc4 ({Not} 28... Nxc4 29. Nxc4 bxc4 30. Rfe1 $17) ({Don't take} 28... dxc4 29. Nb1 $17) 29. Nb1 Nb5 30. Rfe1 Qf3 31. Qd2 Kg8 32. Qc2 Nd6 33. Rc1 Kg7 34. Qd2 {[#]} Ne4 $1 {[%mdl 512]} 35. Qc2 $2 (35. Qf4 Qxf4 36. gxf4) 35... Nxf2 36. Rxe8 Rxe8 37. Nxa3 Re2 38. Qa4 Nd3 {Accuracy: White = 59%, Black = 88%.} 0-1

[Event "POL-chT 1st League 2020"]
[Site "Ustron"]
[Date "2020.09.10"]
[Round "6.11"]
[White "Kowalczyk, Pawel"]
[Black "Flis, Jacek"]
[Result "1-0"]
[WhiteElo "2339"]
[BlackElo "2214"]
[Annotator "TA"]
[PlyCount "112"]
[EventDate "2020.09.05"]
[EventType "team-tourn"]
[EventCountry "POL"]
[SourceTitle "playchess.com"]
[Source "ChessBase"]
[SourceQuality "1"]

{[%evp 9,112,25,15,-2,10,8,14,16,21,31,25,8,13,14,14,13,15,22,12,18,37,-15,20,-13,0,-23,18,11,35,36,56,52,119,120,132,105,152,115,123,108,124,106,122,119,221,206,231,230,296,296,296,291,294,271,267,254,262,252,281,208,324,266,282,281,271,267,287,272,280,263,275,268,325,322,365,366,385,393,367,351,377,377,375,368,369,364,377,359,335,277,331,380,383,383,499,487,519,498,510,502,454,418,439,379,368]} 1. e4 c5 2. Ne2 Nc6 3. g3 e6 4. Bg2 Nf6 5. O-O Be7 6. c3 {B20: Sicilian: Unusual White 2nd moves.} O-O 7. d4 cxd4 8. cxd4 {[#] Black must now prevent d5.The position is equal.} d5 9. e5 Ne8 10. Nbc3 f6 {[#]} 11. Nf4 $146 {[%cal Rc3d5]} ({Predecessor:} 11. f4 f5 12. Be3 g6 13. h3 b6 14. g4 Ng7 15. Bf3 Na5 16. Qd3 Bd7 17. Rac1 {1-0 (48) Samulevicius,T (2095)-Fucek,C (2240) Guarapuava 1995}) 11... fxe5 12. dxe5 Nxe5 13. Re1 Bf6 14. Be3 Nd6 15. Qb3 (15. Bd4 $14 Ndf7 16. Nh5) 15... Re8 16. Rad1 Kh8 17. Bc5 Ndf7 18. Nh5 Bd7 (18... b6 $5 {[%cal Rb6c5]} 19. Bd4 Bd7 $11) 19. Nxf6 Qxf6 20. f4 Nc6 {Black is on the road to losing.} (20... Nc4 $14) 21. Qxb7 $16 Qd8 22. Qb3 Qa5 23. Bf2 Rab8 24. Qc2 Nd6 25. b3 Rbc8 26. Qd2 {[%cal Rc3d5]} Nf5 (26... Nd8 $16) 27. Na4 $18 Qxd2 28. Rxd2 Rcd8 29. Nc5 Bc8 30. g4 Nh6 31. Bh4 Rd6 32. Rxd5 Rxd5 33. Bxd5 {[%mdl 64] [#] Pin} Nd4 34. h3 Ng8 (34... Rf8 {keeps fighting.}) 35. Bf2 Nf6 36. Bg2 ({Don't take} 36. Bxd4 $6 Nxd5 37. Re4 Kg8 $18) 36... Nc2 37. Re2 Nb4 38. a3 {[%cal Ba2a3,Ba3a4,Ba4a5][%mdl 32]} Nbd5 39. Bg3 Nb6 40. a4 h6 41. Bf3 Rd8 42. Kf2 Kg8 43. a5 Nbd5 44. g5 hxg5 45. fxg5 Nh7 46. h4 Nf8 47. Rd2 Ng6 48. h5 Nge7 49. Bc7 Rf8 50. Bd6 Kf7 51. Kg1 Rd8 52. g6+ Ke8 53. Be5 Kf8 54. Bc7 Re8 55. Bd6 Kg8 56. Bg4 Nf6 {Accuracy: White = 89%, Black = 65%.} 1-0

[Event "POL-chT 1st League 2020"]
[Site "Ustron"]
[Date "2020.09.10"]
[Round "6.12"]
[White "Lach, Aleksandra"]
[Black "Starosta, Martyna"]
[Result "1/2-1/2"]
[WhiteElo "2188"]
[BlackElo "2038"]
[Annotator "TA"]
[PlyCount "130"]
[EventDate "2020.09.05"]
[EventType "team-tourn"]
[EventCountry "POL"]
[SourceTitle "playchess.com"]
[Source "ChessBase"]
[SourceQuality "1"]

{[%evp 13,130,38,57,51,47,47,40,38,95,91,88,86,134,121,131,133,138,143,141,103,111,80,122,37,41,27,146,68,79,52,70,60,146,142,156,153,143,147,147,141,200,245,202,0,0,0,0,0,0,0,0,0,0,0,0,0,0,0,0,0,0,0,0,0,19,19,19,19,19,19,19,19,19,15,15,15,22,22,22,22,22,22,22,22,22,22,22,0,22,22,22,22,22,22,22,22,22,22,22,22,22,0,22,22,22,0,0,0,0,0,0,0,0,0,0,0,0,0,0]} 1. e4 e5 2. Nf3 Nc6 3. Bc4 Nf6 4. d3 Be7 5. O-O O-O 6. Re1 d6 7. a4 $1 {The main line 7.a4 scores better than 7.c3.} Kh8 8. h3 {C55: Two Knights: 4 d3, 4 d4 exd4 5 e5 and Max Lange Attack.} Ng8 9. Nc3 f5 10. Nd5 {White is slightly better.} f4 (10... Nf6 $14) 11. b4 $16 Nf6 {[#]} 12. c3 $146 ({Predecessor:} 12. b5 Na5 13. Nxe7 Qxe7 14. Ba2 b6 15. d4 Be6 16. Ba3 Bxa2 17. dxe5 Be6 18. exf6 Qxf6 {1-0 (39) Smirin,I (2671)-Mitkov,N (2444) Chicago 2017}) 12... Nxd5 13. exd5 Nb8 14. d4 Nd7 15. Bd3 ({Resist} 15. dxe5 Nxe5 16. Bd3 (16. Nxe5 dxe5 17. Qh5 Rf5 $14) 16... Nxd3 $14) 15... Bf6 16. dxe5 Bxe5 17. Bb2 Qf6 18. Qc2 (18. a5 $1 $16) 18... a5 $1 $14 19. b5 h6 (19... Qh6 $1 $11 {remains equal.}) 20. Ra3 (20. Rad1 $16) 20... b6 21. Qe2 $36 {[%mdl 2048] White has some pressure.} g5 22. Qe4 {[%csl Gd3][%cal Re4h7]} Rf7 (22... Qg7 $14) 23. Nxe5 $16 Nxe5 24. c4 Re7 25. Bxe5 Qxe5 26. Qxe5+ Rxe5 (26... dxe5 $16 {was worth a try.} 27. c5 bxc5) 27. Rxe5 $18 dxe5 $16 {[%mdl 4096] Endgame [#] KRB-KRB} 28. d6 $2 ({White has to play} 28. c5 $1 $18 {[%mdl 512]}) 28... cxd6 $11 {The position is equal.} 29. Be4 Ra7 30. Rd3 Rd7 $1 31. Bf5 Rd8 32. Bxc8 Rxc8 33. Rxd6 {[%mdl 64] Double Attack} Rxc4 34. Rxh6+ {KR-KR} Kg7 35. Rxb6 Rxa4 36. Ra6 Ra1+ 37. Kh2 a4 38. Re6 Rb1 39. Rxe5 a3 {Threatens to win with ...a2.} 40. Re7+ {[#]} Kf6 $1 {[%mdl 512]} 41. Ra7 Rxb5 42. Rxa3 Rb2 43. Rf3 Ke5 44. g4 Rb4 45. Ra3 Kf6 46. Ra6+ Kg7 $1 47. Kg2 Rb3 48. Ra5 Kg6 49. Ra8 Kg7 50. Ra5 Kg6 51. Rf5 Ra3 52. Rf8 Kg7 53. Rb8 (53. Rd8 {with more complications.} Kf6 54. Rd6+ Kg7 55. Rc6 Kf7 56. Rc5) 53... Rc3 54. Rb1 Kg6 55. Rd1 Ra3 56. Rh1 Rb3 57. Rd1 Ra3 58. Rd2 Rb3 59. f3 Ra3 60. Rc2 Rb3 61. Rc6+ Kg7 62. Re6 Rb2+ 63. Kg1 Rb1+ 64. Kf2 Rb2+ 65. Re2 Rb3 {Black defended with fortune. Accuracy: White = 88%, Black = 87%.} 1/2-1/2

[Event "POL-chT 1st League 2020"]
[Site "Ustron"]
[Date "2020.09.10"]
[Round "6.13"]
[White "Szpar, Milosz"]
[Black "Maciejczak, Jakub"]
[Result "1/2-1/2"]
[WhiteElo "2397"]
[BlackElo "2371"]
[Annotator "TA"]
[PlyCount "29"]
[EventDate "2020.09.05"]
[EventType "team-tourn"]
[EventCountry "POL"]
[SourceTitle "playchess.com"]
[Source "ChessBase"]
[SourceQuality "1"]

{[%evp 9,29,48,59,35,43,45,58,38,53,52,51,51,58,15,34,0,0,0,0,-20,17,-19]} 1. e4 d5 2. exd5 Qxd5 3. Nc3 Qd8 4. d4 Nf6 5. Nf3 g6 6. Bc4 {B01: Scandinavian Defence.} Bg7 7. O-O O-O 8. h3 {White is slightly better.} b6 9. Re1 Bb7 10. Bg5 Nc6 {[%cal Bb8c6,Bc6e7,Be7f5][%mdl 32]} 11. a3 h6 12. Bf4 e6 {[#] The position is equal.} 13. Bh2 $146 ({Predecessor:} 13. Qd3 Ne7 14. Rad1 Ned5 15. Nxd5 Nxd5 16. Bg3 Qc8 17. Ba2 Ne7 18. Be5 c5 19. dxc5 Bxf3 20. Qxf3 Qxc5 {1-0 (40) Holm,K (2474)-Cederstam Barsk,C (2334) Sarpsborg 2019}) 13... Ne7 14. Be2 Nf5 15. Be5 {Black took control after the opening. Accuracy: White = 67%, Black = 89%.} (15. g4 $5 {[%cal Rg4f5]} Nd6 16. Ne5 $11) 1/2-1/2